एकतारी (Record no. 404366)

MARC details
000 -LEADER
fixed length control field 00381nam a2200145Ia 4500
008 - FIXED-LENGTH DATA ELEMENTS--GENERAL INFORMATION
fixed length control field 100122s9999 xx 000 0 und d
082 ## - DEWEY DECIMAL CLASSIFICATION NUMBER
Item number 13561
Classification number 821
100 ## - MAIN ENTRY--PERSONAL NAME
Personal name पै शिरीष
245 ## - TITLE STATEMENT
Title एकतारी
260 ## - PUBLICATION, DISTRIBUTION, ETC. (IMPRINT)
Name of publisher, distributor, etc प्रकाशक शोधणे
Date of publication, distribution, etc 1966
300 ## - PHYSICAL DESCRIPTION
Extent 88
630 ## - SUBJECT ADDED ENTRY--UNIFORM TITLE
Uniform title एकतारी
730 ## - ADDED ENTRY--UNIFORM TITLE
Uniform title एकतारी
942 ## - ADDED ENTRY ELEMENTS (KOHA)
Koha item type Book

No items available.